[Event "Tepe Sigeman Chess 2018"]
[Site "Malmo"]
[Date "2018.05.10"]
[Round "5"]
[White "Gledura, Benjamin"]
[Black "Tari, Aryan"]
[Result "1/2-1/2"]
[WhiteElo "2615"]
[BlackElo "2603"]
[Annotator "TA"]
[PlyCount "48"]
[EventCountry "SWE"]
[SourceTitle "playchess.com"]
[Source "ChessBase"]
[SourceQuality "1"]

{[%evp 18,48,-10,-10,-6,-4,-9,-2,-6,-12,-15,0,-21,-12,0,0,0,0,0,0,0,0,0,0,0,0,0,0,0,0,0,0,0]} 1. d4 Nf6 2. c4 g6 3. Nc3 d5 4. Nf3 Bg7 5. h4 dxc4 6. e4 {[%cal Be2e4,Be4e5][%mdl 32] D90: Grünfeld: 4 Nf3 Bg7 sidelines} c5 7. d5 {[%cal Bd4d5,Bd5d6][%mdl 32]} b5 8. h5 O-O {[%cal Bh8f8,Bf8f5,Bf5e5][%mdl 32]} 9. hxg6 fxg6 10. e5 {LiveBook: 14 Games. The position is equal.} (10. d6 exd6 11. Nxb5 d5 12. Nc3 Re8 {1-0 (42) Mamedyarov,S (2814)-Navara,D (2745) Shamkir 2018}) 10... Ng4 11. d6 e6 $1 12. Rxh7 Rf5 13. Rh3 $146 Nc6 14. Nxb5 Ngxe5 15. Nxe5 Rxe5+ 16. Be3 Nd4 17. Bxc4 Nxb5 18. Qd3 Nd4 {[#] Strongly threatening ...Bb7.} 19. Qxg6 {Hoping for Bd3.} Qf6 $1 {[%cal Rf6g6]} 20. Qe8+ Qf8 21. Qg6 Qf6 (21... Qf5 $5 22. Qe8+ $8 Qf8 $11) 22. Qe8+ Qf8 23. Qg6 {[#] Black must now prevent Bd3.} Qf6 24. Qe8+ Qf8 {Precision: White = 94%, Black = 100%.} 1/2-1/2